000 00769nam a2200205 i 4500
001 186906
003 ES-MaACL
005 20251015165303.0
008 170228s1933 sp |||| | spa d
100 1 _aSalado Álvarez, Victoriano,
_d1867-1931
_9161901
245 1 3 _aLa vida azarosa y romántica de don Carlos María de Bustamante /
_cpor V. Salado Álvarez.
250 _a1ª ed.
260 _aMadrid :
_bEspasa-Calpe,
_c1933.
300 _a266 p., [4] p. de lám. ;
_c18 cm.
490 1 _aVidas españolas e hispanoamericanas del siglo XIX ;
_v33
600 1 4 _aBustamante, Carlos María de,
_d1774-1848
_932864
830 0 0 _aVidas españolas e hispanoamericanas del siglo XIX
_v33
_9192640
852 _aES-MaACL
_jC-23243
999 _c186906
_d186906